|
|
|
|
| LEADER |
00000nam a22000007a 4500 |
| 005 |
20191024231032.0 |
| 007 |
cr|||| |||| |
| 008 |
191024c20149999mx zn|w s|||| 0|||b1spa d |
| 035 |
|
|
|a 23902
|
| 040 |
|
|
|a vLex
|
| 090 |
|
|
|c 9962
|d 9962
|
| 245 |
0 |
0 |
|a La Barra
|h [Recurso electrn̤ico] /
|
| 256 |
|
|
|a Servicio en ln̕ea
|
| 260 |
|
|
|a Ciudad de Mx̌ico:
|b Barra Mexicana de Abogados,
|c 2014 -
|
| 300 |
|
|
|a 1 recurso electrn̤ico
|
| 310 |
|
|
|a Irregular
|
| 506 |
1 |
|
|a Disponible solo en los productos indicados
|d vLex Global
|d vLex Global (Academic Edition, excluding Law Schools)
|d vLex Global (U.S. Academic Edition, Law Schools)
|d vLex Global (U.S. Academic Edition, excluding Law Schools)
|d vLex Global (Academic Edition, Law Schools)
|
| 650 |
0 |
4 |
|a Derecho Civil
|z Mx̌ico
|
| 740 |
0 |
|
|a vLex Revistas (Servicio en ln̕ea)
|
| 856 |
4 |
0 |
|u http://vlex.com/source/23902
|z Acceso restringido
|
| 942 |
|
|
|c REV
|
| 999 |
0 |
|
|a Civil Law
|